000 00298nam a22001337a 4500
008 170727b xxu||||| |||| 00| 0 eng d
020 _a9780471141617
041 _aeng
080 _a004
100 _a29
101 _aSHKI
245 _aBUILDING THE DATA WAREHOUSE
_cINMON, W.H
942 _2udc
_cBK
999 _c22009
_d22009